| 000 | 00904cam a22002531i 4500 | ||
|---|---|---|---|
| 003 | SA-RiAUC | ||
| 005 | 20250829153134.0 | ||
| 008 | 250728s1988 ua g 000 0 ara c | ||
| 040 |
_aSA-JeALM _bara _cSA-RiAUC _erda |
||
| 082 | 0 | 4 |
_a257.1 _qSA-RiAUC |
| 090 |
_a257.1 _bم ح م |
||
| 100 | 0 |
_aمحمد رشيد رضا، _d1865-1935 _eمؤلف. |
|
| 245 | 1 | 2 |
_aالخلافة / _cمحمد رشيد رضا. |
| 264 | 1 |
_aالقاهرة : _bالزهراء للإعلام العربي، _c1988 |
|
| 300 |
_a157 صفحة ؛ _c24 سم |
||
| 336 |
_aنص _btxt _2rdacontent _3كتاب |
||
| 337 |
_aبدون وسيط _bn _2rdamedia |
||
| 338 |
_aمجلد _bnc _2rdacarrier |
||
| 650 | 7 |
_aنظم الحكم في الإسلام _2aucsh |
|
| 650 | 7 |
_aالخلافة _2aucsh |
|
| 650 | 7 |
_aالنظام السياسي في الإسلام _2aucsh |
|
| 942 |
_2ddc _cBOOK _n0 |
||
| 949 |
_aSA-JeALM _d250728 _uosman123 _n1 |
||
| 999 |
_c11288 _d11288 |
||